[Event "Ch World (juniors) (under 18) (g)"]
[Site "masterchessopen.com Szeged (Hungary)"]
[Round "0"]
[White "Maggiolo Sonia (ARG)"]
[Black "Albert Kornelia (HUN)"]
[Result "1-0"]
[WhiteElo "2060"]
[BlackElo "2094"]

1.d4 Nf6 2.Nf3 g6 3.c4 Bg7 4.Nc3 d5 5.Bg5 c6 6.e3 O-O 7.Rc1 h6 8.Bh4 a6 9.a3
Qa5 10.Be2 dxc4 11.Bxc4 b5 12.Ba2 Bg4 13.O-O Qb6 14.h3 Bxf3 15.Qxf3 Nbd7
16.Ne4 Rac8 17.b4 Nxe4 18.Qxe4 e6 19.Rc2 a5 20.Rfc1 axb4 21.axb4 Nb8 22.Bb3
Rfe8 23.Qf3 Bf8 24.d5 exd5 25.Bxd5 Qb7 26.Qg4 h5 27.Qxg6+ Bg7 28.Bf6 {#r} 1-0

[Event "It (open)"]
[Site "masterchessopen.com Vantaa (Finland)"]
[Round "0"]
[White "Tella Jussi (FIN)"]
[Black "Rauramaa Kari (FIN)"]
[Result "0-1"]
[WhiteElo "2429"]
[BlackElo "2207"]

1.d4 Nf6 2.c4 g6 3.Nc3 d5 4.Nf3 Bg7 5.Bg5 Ne4 6.cxd5 Nxg5 7.Nxg5 e6 8.Qd2 exd5
9.Qe3+ Kf8 10.Qf4 Bf6 11.h4 Kg7 12.e4 dxe4 13.Bc4 Qxd4 14.Qxc7 Rf8 15.Nxf7 Na6
16.Qf4 Qxc4 17.Qh6+ Kxf7 18.Qxh7+ Bg7 19.h5 Bf5 20.Rh4 Rh8 21.hxg6+ Kf6 {#R}
0-1

[Event "Memorial A.Zaitsev"]
[Site "masterchessopen.com Vladivostok (Russia)"]
[Round "3"]
[White "Bonoev Peter (RUS)"]
[Black "Labunskiy Dmitry (RUS)"]
[Result "0-1"]
[WhiteElo "2165"]
[BlackElo "2437"]

1.d4 Nf6 2.c4 g6 3.Nc3 d5 4.Nf3 Bg7 5.Bg5 dxc4 6.e3 Be6 7.Ne5 Nd5 8.Nxc4 c5
9.Rc1 h6 10.Bh4 cxd4 11.Nb5 g5 12.Bg3 dxe3 13.Nxe3 Qa5+ 14.Qd2 Qxd2+ 15.Kxd2
Na6 16.Nxd5 Bxd5 17.Bc4 Rd8 18.Ke2 Bxg2 19.Rhd1 O-O 20.Nxa7 Bxb2 21.Rb1 Rxd1
22.Rxd1 g4 23.Rd7 Bf6 24.Bf4 Bg7 25.Kd2 Nc5 26.Rc7 Rd8+ 27.Kc1 Rd4 {#R} 0-1

[Event "It (open)"]
[Site "masterchessopen.com Bled (Slovenia)"]
[Round "0"]
[White "Sulava Nenad (CRO)"]
[Black "Ivacic Vladimir (SLO)"]
[Result "1-0"]
[WhiteElo "2390"]
[BlackElo "2295"]

1.d4 Nf6 2.c4 g6 3.Nc3 d5 4.Nf3 Bg7 5.Bg5 Ne4 6.cxd5 Nxg5 7.Nxg5 e6 8.Qd2 exd5
9.Qe3+ Kf8 10.Qf4 Bf6 11.h4 Kg7 12.e4 dxe4 13.Bc4 Rf8 14.Ncxe4 Bf5 15.O-O-O h6
16.g4 Bxe4 17.Nxe4 g5 18.Qf5 Nc6 19.d5 Nd4 20.Qxf6+ {#r} 1-0

[Event "It (open)"]
[Site "masterchessopen.com Buenos Aires (Argentina)"]
[Round "5"]
[White "Maggiolo Sonia (ARG)"]
[Black "German Sergio (ARG)"]
[Result "0-1"]
[WhiteElo "2060"]
[BlackElo "2320"]

1.d4 Nf6 2.Nf3 g6 3.c4 Bg7 4.Nc3 d5 5.Bg5 Ne4 6.cxd5 Nxg5 7.Nxg5 e6 8.Nf3 exd5
9.e3 O-O 10.Bd3 b6 11.O-O Be6 12.Rc1 c5 13.dxc5 bxc5 14.Na4 c4 15.Bb1 Qa5
16.Nc3 Nc6 17.Qe2 Rab8 18.Rfd1 Bf6 19.Rd2 Rb6 20.Qd1 Ne7 21.Nd4 Rfb8 22.Rcc2
Bxd4 23.Rxd4 Rxb2 24.e4 Rxc2 25.Qxc2 Qxc3 {#R} 0-1

[Event "Ch Bulgaria"]
[Site "masterchessopen.com Bulgaria"]
[Round "0"]
[White "Genov Petar (BUL)"]
[Black "Kuzev Jordan (BUL)"]
[Result "1-0"]
[WhiteElo "2440"]
[BlackElo "2399"]

1.d4 Nf6 2.c4 g6 3.Nc3 d5 4.Nf3 Bg7 5.Bg5 Ne4 6.cxd5 Nxg5 7.Nxg5 e6 8.Nf3 exd5
9.e3 O-O 10.b4 Qd6 11.Qb3 c6 12.Be2 Be6 13.O-O Nd7 14.Rfd1 h6 15.b5 c5 16.Qa3
b6 17.Rac1 Rfd8 18.dxc5 bxc5 19.Nd4 Bf8 20.Nc6 Re8 21.Bf3 Nf6 22.e4 Qf4
23.Nxd5 Bxd5 24.exd5 Bd6 25.g3 Qf5 26.Kg2 h5 27.Qd3 Qd7 28.Re1 Kg7 {#r} 1-0

[Event "It (open)"]
[Site "masterchessopen.com Dortmund (Germany)"]
[Round "1"]
[White "Weclawski Doris (GER)"]
[Black "Mihalcisin Adrian (SLO)"]
[Result "0-1"]
[WhiteElo "2105"]
[BlackElo "2505"]

1.d4 Nf6 2.c4 g6 3.Nc3 d5 4.Nf3 Bg7 5.Bg5 dxc4 6.e4 c5 7.Bxc4 cxd4 8.Qxd4 Qxd4
9.Nxd4 Nxe4 10.Nxe4 Bxd4 11.O-O-O Nc6 12.Bd5 Bb6 13.Rhe1 Be6 14.Bxe6 fxe6
15.Be3 e5 16.Bxb6 axb6 17.a3 h6 18.Rd5 Ra5 19.Red1 Nd4 20.Nc3 Rf8 21.f3 Rf5
22.a4 Rg5 23.g3 Rxd5 24.Nxd5 Nxf3 25.Nxb6 e4 26.Nc4 Rc5 {#R} 0-1

[Event "It (open)"]
[Site "masterchessopen.com Gausdal (Norway)"]
[Round "4"]
[White "Jostes Marko (GER)"]
[Black "Jansa Vlastimil (CZE)"]
[Result "0-1"]
[WhiteElo "2083"]
[BlackElo "2495"]

1.d4 Nf6 2.c4 g6 3.Nc3 d5 4.Nf3 Bg7 5.Bg5 Ne4 6.cxd5 Nxg5 7.Nxg5 e6 8.Nf3 exd5
9.e3 O-O 10.Be2 a5 11.O-O c6 12.h3 Be6 13.Na4 Nd7 14.Rc1 Qe7 15.Nc5 Nxc5
16.Rxc5 f5 17.Qd2 a4 18.Rfc1 g5 19.Nh2 f4 20.Bg4 Rae8 21.exf4 Bxg4 22.hxg4
Rxf4 23.Nf3 h6 24.Re1 Re4 25.Rcc1 Qd6 26.b4 Qe6 {#R} 0-1

[Event "It (open)"]
[Site "masterchessopen.com Geneva (Switzerland)"]
[Round "3"]
[White "Berezovskaia Svetlana"]
[Black "Cesareo Fabio (SUI)"]
[Result "0-1"]
[WhiteElo "1805"]
[BlackElo "2152"]

1.d4 Nf6 2.c4 g6 3.Nc3 d5 4.Nf3 Bg7 5.Bg5 Ne4 6.cxd5 Nxg5 7.Nxg5 e6 8.Qa4+ Bd7
9.Qb3 exd5 10.Qxd5 O-O 11.Nf3 c5 12.Qxc5 Na6 13.Qd6 Rc8 14.e4 Re8 15.a3 Rxc3
16.Qf4 Rc2 17.Bxa6 Qa5+ 18.Kd1 Ba4 19.b4 Qxa6 20.Qe3 Rc3+ {#R} 0-1

[Event "Bayern Regionalliga Southeast 1994/95"]
[Site "masterchessopen.com Germany"]
[Round "0"]
[White "Stroeher Wolfgang"]
[Black "Markl Martin (GER)"]
[Result "1-0"]
[WhiteElo "1925"]
[BlackElo "2172"]

1.d4 Nf6 2.c4 g6 3.Nc3 d5 4.Nf3 Bg7 5.Bg5 Ne4 6.cxd5 Nxc3 7.bxc3 Qxd5 8.e3 c5
9.Be2 Nc6 10.O-O cxd4 11.cxd4 O-O 12.Qa4 Bd7 13.Qa3 e5 14.dxe5 Nxe5 15.Rad1
Qe6 16.Rd6 Qf5 17.Be7 Rfe8 18.Nd4 Qe4 19.Bg5 Bf8 20.f3 Qd5 21.Rxd5 Bxa3 22.f4
f6 23.fxe5 Bc6 24.Nxc6 bxc6 25.Rd7 fxg5 26.Bc4+ {#r} 1-0

[Event "It (open)"]
[Site "masterchessopen.com Hungary"]
[Round "0"]
[White "Barat Anna (HUN)"]
[Black "Karkus Anna (HUN)"]
[Result "1-0"]
[WhiteElo "2065"]
[BlackElo "2026"]

1.d4 Nf6 2.c4 g6 3.Nc3 d5 4.Nf3 Bg7 5.Bg5 c6 6.e3 O-O 7.Be2 dxc4 8.Bxc4 Bf5
9.O-O Qb6 10.Qe2 Qc7 11.e4 Bg4 12.Rad1 Rd8 13.h3 Bxf3 14.Qxf3 Rf8 15.h4 h5
16.e5 Ng4 17.Qf4 Nxe5 18.dxe5 Bxe5 19.Qe4 e6 20.Rfe1 Bg7 21.g4 hxg4 22.Qxg4
Na6 23.h5 gxh5 24.Qxh5 Rfe8 25.Ne4 {#r} 1-0

[Event "It (open)"]
[Site "masterchessopen.com Ljubljana (Slovenia)"]
[Round "2"]
[White "Brumen Dinko (CRO)"]
[Black "Skok Joze (SLO)"]
[Result "1-0"]
[WhiteElo "2335"]
[BlackElo "2023"]

1.d4 Nf6 2.c4 g6 3.Nc3 d5 4.Nf3 Bg7 5.Bg5 Ne4 6.cxd5 Nxg5 7.Nxg5 e6 8.Qd2 exd5
9.Qe3+ Kf8 10.Qf4 Bf6 11.h4 Kg7 12.e4 dxe4 13.Bc4 Rf8 14.Nd5 Bxg5 15.hxg5 Nd7
16.Rxh7+ Kxh7 17.Qh4+ Kg8 18.O-O-O c6 19.Rh1 {#r} 1-0

[Event "Ch City"]
[Site "masterchessopen.com Ludwigshafen (Germany)"]
[Round "3"]
[White "Horn Hans-Markus (GER)"]
[Black "Hoegerl Gerd (GER)"]
[Result "0-1"]
[WhiteElo "1999"]
[BlackElo "2218"]

1.d4 Nf6 2.c4 g6 3.Nc3 d5 4.Nf3 Bg7 5.Bg5 Ne4 6.Bf4 Nxc3 7.bxc3 O-O 8.e3 c5
9.cxd5 cxd4 10.cxd4 Qxd5 11.Be2 Nc6 12.O-O Rd8 13.Qb1 Bf5 14.Qxb7 Nxd4 {#R}
0-1

[Event "Ch Mainz"]
[Site "masterchessopen.com Mainz (Germany)"]
[Round "2"]
[White "Daum Holger (GER)"]
[Black "Miricanac Alan (SRB)"]
[Result "1-0"]
[WhiteElo "2203"]
[BlackElo "2193"]

1.d4 Nf6 2.c4 g6 3.Nc3 d5 4.Nf3 Bg7 5.Bg5 Ne4 6.Bh4 Nxc3 7.bxc3 dxc4 8.Qa4+
Nd7 9.Qxc4 O-O 10.e3 c5 11.Be2 cxd4 12.exd4 Nf6 13.O-O b6 14.Rfe1 Bb7 15.a4
Rc8 16.Qb3 Qc7 17.c4 Bxf3 18.Qxf3 Nh5 19.Rad1 e6 20.d5 exd5 21.cxd5 Qd6 22.Bb5
Bf6 23.Bg3 Nxg3 24.Qxg3 Rfd8 25.Re8+ Kg7 26.Qxd6 {#r} 1-0

[Event "It (open)"]
[Site "masterchessopen.com Mar del Plata (Argentina)"]
[Round "0"]
[White "Piscicelli Daniel (ARG)"]
[Black "Torrallardona Eduard (ARG)"]
[Result "1-0"]
[WhiteElo "2325"]
[BlackElo "2134"]

1.d4 Nf6 2.c4 g6 3.Nc3 d5 4.Nf3 Bg7 5.Bg5 c6 6.e3 O-O 7.Rc1 Bg4 8.Qb3 Bxf3
9.gxf3 b6 10.Bxf6 dxc4 11.Bxe7 Qxe7 12.Qxc4 b5 13.Qe2 Rc8 14.Bg2 Qh4 15.Rd1 a6
16.f4 Ra7 17.O-O Re7 18.Qd3 Rd8 19.Qc2 Rc7 20.Ne4 {#r} 1-0

[Event "Ch Spain"]
[Site "masterchessopen.com Matalascanas (Spain)"]
[Round "5"]
[White "Clement Gomez Jose A (ESP)"]
[Black "Rodriguez Boado Martin (ESP)"]
[Result "1-0"]
[WhiteElo "2342"]
[BlackElo "2134"]

1.d4 Nf6 2.c4 g6 3.Nc3 d5 4.Nf3 Bg7 5.Bg5 Ne4 6.cxd5 Nxc3 7.bxc3 Qxd5 8.e3 c5
9.Be2 Nc6 10.O-O O-O 11.Qa4 e5 12.Bc4 Qd6 13.Qa3 b6 14.Rad1 e4 15.Nd2 Na5
16.Be2 Qd5 17.Bf4 c4 18.Nxe4 Re8 19.Nd6 {#r} 1-0

[Event "It (open)"]
[Site "masterchessopen.com Metz (France)"]
[Round "1"]
[White "Hebert Jean (CAN)"]
[Black "Equey Daniel (FRA)"]
[Result "1-0"]
[WhiteElo "2435"]
[BlackElo "1740"]

1.d4 Nf6 2.c4 g6 3.Nc3 d5 4.Nf3 Bg7 5.Bg5 Ne4 6.cxd5 Nxg5 7.Nxg5 e6 8.Qd2 h6
9.Nh3 O-O 10.dxe6 Qxd4 11.exf7+ Rxf7 12.Qxd4 Bxd4 13.e3 Bxc3+ 14.bxc3 Rf6
15.Nf4 Nc6 16.Rd1 Bf5 17.Bc4+ Kg7 18.O-O Ne5 19.Bb3 c5 20.Rd5 Nd7 21.Rfd1 Rd8
22.Rxf5 {#r} 1-0

[Event "Tournament (Elo)"]
[Site "masterchessopen.com Mexico"]
[Round "8"]
[White "Calderin Roberto (MEX)"]
[Black "Garcia Javier (PER)"]
[Result "1-0"]
[WhiteElo "2445"]
[BlackElo "2330"]

1.c4 Nf6 2.d4 g6 3.Nc3 d5 4.Nf3 Bg7 5.Bg5 Ne4 6.cxd5 Nxg5 7.Nxg5 e6 8.Qd2 h6
9.Nh3 exd5 10.Nf4 c6 11.e3 Nd7 12.Bd3 Nf6 13.O-O O-O 14.b4 Qd6 15.b5 g5
16.Nfe2 Ng4 17.Ng3 c5 18.dxc5 Qxc5 19.Rac1 d4 20.Nd1 dxe3 21.Nxe3 Qb6 22.Rxc8
Raxc8 23.Nxg4 Rcd8 24.Qe2 Qd4 25.Be4 Rfe8 26.Qf3 b6 27.Qf5 {#r} 1-0

[Event "Ch Paris (open)"]
[Site "masterchessopen.com Paris (France)"]
[Round "0"]
[White "Kaabi Mejdi (TUN)"]
[Black "Gerard Nicolas (FRA)"]
[Result "1-0"]
[WhiteElo "2365"]
[BlackElo "2180"]

1.d4 Nf6 2.c4 g6 3.Nc3 d5 4.Nf3 Bg7 5.Bg5 Ne4 6.Bh4 Nxc3 7.bxc3 dxc4 8.e3 b5
9.a4 c6 10.Nd2 O-O 11.axb5 cxb5 12.Qf3 b4 13.Qxa8 bxc3 14.Nxc4 Bxd4 15.exd4
Qxd4 16.Qxa7 Qxh4 17.Qe3 c2 18.Bd3 Ba6 19.Nd2 Qa4 20.O-O {#r} 1-0

[Event "It (open)"]
[Site "masterchessopen.com Sarospatak (Hungary)"]
[Round "0"]
[White "Krizsany Laszlo (HUN)"]
[Black "Deak Sandor (HUN)"]
[Result "0-1"]
[WhiteElo "2445"]
[BlackElo "2325"]

1.d4 Nf6 2.c4 g6 3.Nc3 d5 4.Nf3 Bg7 5.Bg5 Ne4 6.Bh4 Nxc3 7.bxc3 dxc4 8.e3 b5
9.a4 c6 10.Nd2 a6 11.Be2 O-O 12.Bf3 Ra7 13.O-O Bf5 14.e4 Be6 15.Qb1 Nd7 16.Qb4
c5 17.dxc5 Ne5 18.Rad1 Rd7 19.Bg5 Nxf3+ 20.gxf3 Rd3 21.c6 Bxc3 22.Qc5 f6
23.Bh6 Re8 24.c7 Qd7 25.axb5 axb5 26.Nxc4 Rxd1 27.Nb6 {#R} 0-1

[Event "Tournament (team)"]
[Site "masterchessopen.com Spain"]
[Round "2"]
[White "Pavia Miralles J M (ESP)"]
[Black "Oltra Caurin Ramon (ESP)"]
[Result "0-1"]
[WhiteElo "2256"]
[BlackElo "2390"]

1.d4 Nf6 2.Nf3 g6 3.c4 Bg7 4.Nc3 d5 5.Bg5 Ne4 6.Bf4 Nxc3 7.bxc3 O-O 8.Qb3 dxc4
9.Qxc4 Be6 10.Qxc7 Qd5 11.Qxe7 Rc8 12.Qa3 Bf8 13.Qb2 Nd7 14.g3 Nb6 15.Bg2 Na4
16.Qd2 Nxc3 17.O-O Qb5 18.Be5 Bd5 19.Rfe1 Rc6 20.Qf4 Nxe2+ 21.Rxe2 Qxe2 22.Ng5
Qc4 23.Nxf7 Bxg2 {#R} 0-1

[Event "Ch Australia"]
[Site "masterchessopen.com Sydney (Australia)"]
[Round "2"]
[White "Berezina Irina (AUS)"]
[Black "Byrne Stewart (AUS)"]
[Result "0-1"]
[WhiteElo "2195"]
[BlackElo "2249"]

1.d4 Nf6 2.c4 g6 3.Nc3 d5 4.Nf3 Bg7 5.Bg5 Ne4 6.cxd5 Nxg5 7.Nxg5 e6 8.Nf3 exd5
9.e3 O-O 10.Be2 c6 11.O-O Be6 12.Qd2 Nd7 13.Rfc1 f5 14.Ne1 f4 15.Nd3 fxe3
16.fxe3 Qg5 17.Nf4 Rae8 18.b4 a6 19.a4 Bg4 20.Bf1 Rxe3 21.Qxe3 Rxf4 22.Qg3
Bxd4+ 23.Kh1 Bf2 24.Qd3 Ne5 25.Qc2 Qh6 26.h3 Rf3 27.Nxd5 Rxh3+ 28.gxh3 Bf3+
{#R} 0-1

[Event "It (open) (b)"]
[Site "masterchessopen.com Zurich (Switzerland)"]
[Round "0"]
[White "Saric Branko (CRO)"]
[Black "Nydegger Charles (SUI)"]
[Result "1-0"]
[WhiteElo "1909"]
[BlackElo "1814"]

1.d4 Nf6 2.c4 g6 3.Nc3 d5 4.Nf3 Bg7 5.Bg5 c6 6.Qd2 Ne4 7.Nxe4 dxe4 8.Ng1 Bxd4
9.O-O-O Bb6 10.Qc2 Nd7 11.h4 Qc7 12.Qxe4 Qe5 13.Qc2 Nf6 14.Nf3 Qa5 15.a3 Bf5
16.Qd2 Qa4 17.Bxf6 exf6 18.e4 Bg4 19.Qf4 Bxf3 20.Qxf3 Bd8 21.h5 g5 22.Qf5 O-O
23.Bd3 Qa5 24.e5 {#r} 1-0

[Event "It (open)"]
[Site "masterchessopen.com Gent (Belgium)"]
[Round "3"]
[White "Secelle H"]
[Black "Blees Albert (NED)"]
[Result "0-1"]
[WhiteElo "2115"]
[BlackElo "2415"]

1.Nf3 g6 2.d4 Bg7 3.c4 Nf6 4.Nc3 d5 5.Bg5 dxc4 6.e3 Be6 7.Ne5 O-O 8.Nxc4 c5
9.dxc5 Qc7 10.Qa4 Nbd7 11.c6 Nb6 12.Nxb6 axb6 13.Qb4 bxc6 14.Bf4 Qb7 15.Bg5 h6
16.Bxf6 Bxf6 17.Ne4 Be5 18.Nc3 c5 19.Qh4 Rfd8 20.f3 Ra3 21.Nd1 Qd5 22.Qf2 Rxa2
23.Rxa2 {#R} 0-1

[Event "Memorial Berze (open)"]
[Site "masterchessopen.com Godollo (Hungary)"]
[Round "0"]
[White "Matus Gabor (HUN)"]
[Black "Ronyai Imre (HUN)"]
[Result "1-0"]
[WhiteElo "1915"]
[BlackElo "1762"]

1.Nf3 d5 2.d4 g6 3.c4 Bg7 4.Nc3 Nf6 5.Bg5 Ne4 6.Nxd5 c6 7.Nc3 Nxg5 8.Nxg5 Bxd4
9.Qc2 O-O 10.e3 Bf6 11.Nf3 Nd7 12.Rd1 Qc7 13.Be2 Bg7 14.O-O Nf6 15.Rd2 e5
16.Rfd1 Be6 17.Rd6 Ne8 18.Ng5 Bg4 19.f3 Bh6 20.h4 Be6 21.Kf2 Qe7 {#r} 1-0

[Event "It (open)"]
[Site "masterchessopen.com Groningen (Netherlands)"]
[Round "7"]
[White "Cifuentes Parada Roberto (ESP)"]
[Black "Jelen Igor (SLO)"]
[Result "1-0"]
[WhiteElo "2500"]
[BlackElo "2415"]

1.d4 Nf6 2.c4 g6 3.Nc3 d5 4.Nf3 Bg7 5.Bg5 Ne4 6.cxd5 Nxg5 7.Nxg5 e6 8.Qd2 exd5
9.Qe3+ Kf8 10.Qf4 Bf6 11.h4 h6 12.Nxd5 Bxg5 13.Qe5 Rh7 14.hxg5 Nc6 15.Qe4 Bf5
16.Qf3 Nxd4 17.Qa3+ Kg8 18.Ne7+ Kh8 19.O-O-O Qd7 20.Qc5 {#r} 1-0

[Event "It (open)"]
[Site "masterchessopen.com Le Touquet (France)"]
[Round "0"]
[White "Boissonnier Kimo (FRA)"]
[Black "Bernard Christophe (FRA)"]
[Result "0-1"]
[WhiteElo "2030"]
[BlackElo "1694"]

1.d4 Nf6 2.Nf3 g6 3.c4 Bg7 4.Nc3 d5 5.Bg5 dxc4 6.e3 Be6 7.Ne5 c5 8.dxc5 Qa5
9.Qa4+ Qxa4 10.Nxa4 Ne4 11.Nf3 Bd7 {#R} 0-1

[Event "It"]
[Site "masterchessopen.com Loures (Portugal)"]
[Round "3"]
[White "De Sousa Jose-Claude (FRA)"]
[Black "Pinho Paulo (POR)"]
[Result "0-1"]
[WhiteElo "2285"]
[BlackElo "2135"]

1.d4 Nf6 2.c4 g6 3.Nc3 d5 4.Nf3 Bg7 5.Bg5 Ne4 6.Bf4 c5 7.Nxd5 Na6 8.Qb1 Bf5
9.g4 Nc3 10.Qc1 Nxd5 11.cxd5 Be4 12.dxc5 Nb4 13.Bg2 Nc2+ 14.Kf1 Nxa1 15.Qxa1
Qxd5 16.Qc1 Rd8 17.Qe3 Qc6 18.Kg1 Bxb2 19.h4 O-O 20.h5 Rd1+ 21.Bf1 Bc1 22.Qb3
Rxf1+ 23.Kxf1 Bxf3 24.exf3 Bxf4 25.hxg6 hxg6 26.Qc3 Qf6 {#R} 0-1

[Event "VL1 1996/97"]
[Site "masterchessopen.com NRW (Germany)"]
[Round "0"]
[White "Servaty Rudolf (GER)"]
[Black "Mueller Frank (GER)"]
[Result "1-0"]
[WhiteElo "2141"]
[BlackElo "2282"]

1.d4 Nf6 2.c4 g6 3.Nc3 d5 4.Nf3 Bg7 5.Bg5 Ne4 6.Bh4 Nxc3 7.bxc3 c5 8.cxd5 Qxd5
9.e3 cxd4 10.cxd4 Nc6 11.Be2 O-O 12.O-O Re8 13.Bg3 Qa5 14.Qb3 Qb4 15.Rab1 Qxb3
16.Rxb3 Be6 17.Rxb7 Bxa2 18.Bb5 Bd5 19.Rd7 Rad8 20.Rxd5 {#r} 1-0

[Event "Ch World (active) (juniors) (under 14)"]
[Site "masterchessopen.com Paris (France)"]
[Round "3"]
[White "Sundararajan Kidambi (IND)"]
[Black "Tran Ngoc Thach (VIE)"]
[Result "1-0"]
[WhiteElo "2230"]
[BlackElo "2212"]

1.d4 Nf6 2.c4 g6 3.Nc3 d5 4.Nf3 Bg7 5.Bg5 Ne4 6.cxd5 Nxg5 7.Nxg5 e6 8.Nf3 exd5
9.e3 O-O 10.Bd3 b6 11.b4 c5 12.bxc5 bxc5 13.Rc1 cxd4 14.Nxd4 Bxd4 15.exd4 Re8+
16.Be2 Ba6 17.O-O Bxe2 18.Nxe2 Nd7 19.Ng3 Nf6 20.f3 Rc8 21.Rf2 Qe7 22.Re2 Qa3
23.Rec2 Qe3+ 24.Kf1 Rxc2 25.Rxc2 Qh6 26.h3 Qh4 27.Ne2 Nh5 28.Kg1 Qg5 {#r} 1-0

[Event "Slovak League (1st) 1995/96"]
[Site "masterchessopen.com Slovakia"]
[Round "7"]
[White "Ac Michal (SVK)"]
[Black "Banas Jan (SVK)"]
[Result "0-1"]
[WhiteElo "2174"]
[BlackElo "2390"]

1.d4 Nf6 2.Nf3 g6 3.c4 Bg7 4.Nc3 d5 5.Bg5 Ne4 6.cxd5 Nxg5 7.Nxg5 e6 8.Qd2 exd5
9.Qe3+ Kf8 10.Qf4 Bf6 11.h4 h6 12.Nxd5 Bxg5 13.Qe5 Rg8 14.hxg5 Nc6 15.Qe4 Bf5
16.Qf3 Qxg5 17.Ne3 Nxd4 18.Qxb7 Kg7 19.Qxc7 Rgd8 20.Rc1 Nc2+ 21.Rxc2 Bxc2 {#R}
0-1

[Event "Ch Valencia"]
[Site "masterchessopen.com Valencia (Spain)"]
[Round "0"]
[White "Bixquert Jimenez Francisco (ESP)"]
[Black "Gomez-Cabrero Lopez Rafael (ESP)"]
[Result "0-1"]
[WhiteElo "1935"]
[BlackElo "2160"]

1.d4 Nf6 2.Nf3 g6 3.c4 Bg7 4.Nc3 d5 5.Bg5 Ne4 6.cxd5 Nxg5 7.Nxg5 c6 8.Nf3 cxd5
9.e3 O-O 10.Bd3 Nc6 11.Qb3 e6 12.O-O b6 13.Rfc1 Bb7 14.Qa4 Qe7 15.a3 Na5 16.b4
Bc6 17.Qd1 Nc4 18.Qb3 Rac8 19.a4 e5 20.Bf1 Bb7 21.Ra2 exd4 22.Nxd4 Nxe3
23.Nde2 Nxf1 24.Rxf1 d4 25.Nb5 Qg5 26.f3 Bd5 {#R} 0-1

[Event "It (open)"]
[Site "masterchessopen.com Werfen (Austria)"]
[Round "2"]
[White "Knoll Hermann (AUT)"]
[Black "Donegani Hans-Peter (GER)"]
[Result "0-1"]
[WhiteElo "2250"]
[BlackElo "2111"]

1.Nf3 Nf6 2.d4 g6 3.c4 Bg7 4.Nc3 d5 5.Bg5 dxc4 6.e3 Be6 7.Ne5 Nd5 8.Nxc4 c5
9.Qa4+ Nc6 10.Ne4 cxd4 11.Ned6+ Kf8 12.Nxb7 Qc7 13.Nc5 h6 14.Bh4 dxe3 15.fxe3
Bg4 16.Bg3 Qc8 17.Bd3 Ncb4 18.a3 Qxc5 19.axb4 Nxb4 20.O-O Nxd3 21.Nd6 Be6
22.Nxf7 Qxe3+ 23.Kh1 Bf6 24.Nxh8 Kg7 25.Nxg6 Kxg6 26.Rf3 Qe2 27.Qa6 Rd8 28.Re1
Nf2+ {#R} 0-1

[Event "Olympiad"]
[Site "masterchessopen.com Yerevan (Armenia)"]
[Round "1"]
[White "Silveirinha Jose Antonio C (MAC)"]
[Black "Khachiyan Melikset (USA)"]
[Result "0-1"]
[WhiteElo "2104"]
[BlackElo "2480"]

1.d4 Nf6 2.Nf3 g6 3.c4 Bg7 4.Nc3 d5 5.Bg5 Ne4 6.Qc2 Nxg5 7.Nxg5 dxc4 8.O-O-O
O-O 9.e4 e5 10.h4 exd4 11.Bxc4 Nc6 12.f4 Bg4 13.h5 Bxd1 14.Rxd1 Na5 15.hxg6
hxg6 16.Be2 Bh6 17.Nh3 Qh4 18.Rxd4 Bxf4+ 19.Nxf4 Qxf4+ 20.Kb1 Nc6 21.Rd1 Rad8
22.Nd5 Qe5 23.Qc5 Qxe4+ {#R} 0-1

[Event "Ch Spain (team)"]
[Site "masterchessopen.com Ampuriabrava (Spain)"]
[Round "0"]
[White "Franco Ocampos Zenon (PAR)"]
[Black "Illescas Cordoba Miguel (ESP)"]
[Result "0-1"]
[WhiteElo "2480"]
[BlackElo "2585"]

1.d4 Nf6 2.Nf3 g6 3.c4 Bg7 4.Nc3 d5 5.Bg5 Ne4 6.cxd5 Nxg5 7.Nxg5 e6 8.Nf3 exd5
9.e3 O-O 10.b4 c6 11.Rc1 a6 12.Be2 Qe7 13.Qb3 Be6 14.O-O Nd7 15.a4 Rfe8 16.Ne1
Nb6 17.Nd3 Nc4 18.Rfe1 Bf5 19.Nb2 Nxe3 20.Bd3 Qg5 21.fxe3 Rxe3 22.Bxf5 Bxd4
23.Kh1 Rae8 24.Rf1 gxf5 25.g3 Qg4 {#R} 0-1

[Event "It (open)"]
[Site "masterchessopen.com Arco (Italy)"]
[Round "9"]
[White "Mussoni Marcello (ITA)"]
[Black "Romanishin Oleg M (UKR)"]
[Result "0-1"]
[WhiteElo "2193"]
[BlackElo "2550"]

1.d4 Nf6 2.Nf3 g6 3.c4 Bg7 4.Nc3 d5 5.Bg5 Ne4 6.cxd5 Nxg5 7.Nxg5 c6 8.dxc6
Nxc6 9.d5 Na5 10.e4 O-O 11.Nf3 Bg4 12.Be2 Bxf3 13.Bxf3 Nc4 14.Qb3 Rc8 15.Rc1
Qa5 16.O-O Nd2 {#R} 0-1

[Event "It (open)"]
[Site "masterchessopen.com Bad Wiessee (Germany)"]
[Round "1"]
[White "Muehlbach Peter (GER)"]
[Black "Theuermeister Peter (GER)"]
[Result "1-0"]
[WhiteElo "2124"]
[BlackElo "1844"]

1.d4 Nf6 2.Nf3 g6 3.c4 d5 4.Nc3 Bg7 5.Bg5 c6 6.e3 Bg4 7.Bxf6 Bxf6 8.cxd5 cxd5
9.Qb3 Bxf3 10.Qxb7 Nd7 11.gxf3 Nb6 12.Qc6+ Kf8 13.Ba6 Kg7 14.f4 e6 15.Rc1 Be7
16.a3 Rb8 17.b4 Nd7 18.Qa4 Rb6 19.Bd3 Qb8 20.Qxd7 {#r} 1-0

[Event "It (open)"]
[Site "masterchessopen.com Boblingen (Germany)"]
[Round "0"]
[White "Kloepfer Markus (GER)"]
[Black "Pribyl Josef (CZE)"]
[Result "0-1"]
[WhiteElo "2128"]
[BlackElo "2430"]

1.d4 Nf6 2.c4 g6 3.Nc3 d5 4.Nf3 Bg7 5.Bg5 Ne4 6.cxd5 Nxg5 7.Nxg5 e6 8.Nf3 exd5
9.e3 O-O 10.Be2 Nc6 11.O-O h6 12.Ne1 a5 13.Nd3 Kh7 14.a3 f5 15.b4 axb4 16.axb4
Rxa1 17.Qxa1 f4 18.b5 fxe3 19.bxc6 exf2+ 20.Nxf2 bxc6 21.Na4 Rf4 22.Rd1 Qf6
23.Bf3 Rxd4 24.Rxd4 Qxd4 25.Qxd4 Bxd4 26.Kf1 Ba6+ {#R} 0-1

[Event "Memorial Olexa (open)"]
[Site "masterchessopen.com Brno (Czech Republic)"]
[Round "0"]
[White "Vechet Stanislav (CZE)"]
[Black "Kopkan Pavel (CZE)"]
[Result "1-0"]
[WhiteElo "2180"]
[BlackElo "1905"]

1.d4 Nf6 2.c4 g6 3.Nc3 d5 4.Nf3 Bg7 5.Bg5 dxc4 6.e3 Be6 7.Ne5 Nbd7 8.Nxc4 Nb6
9.Na5 Nbd5 10.Nxb7 Qb8 11.Bb5+ Kf8 12.Bc6 Nb4 13.Bf3 Bf5 14.O-O c6 15.Nc5 Nc2
16.Rc1 Qxb2 17.N5a4 Qb4 18.Rxc2 Bxc2 19.Qxc2 Rc8 20.Rb1 Qc4 21.Bxf6 Bxf6
22.Nc5 Kg7 23.Be2 {#r} 1-0

[Event "Czech League 1996/97 (1st) (c)"]
[Site "masterchessopen.com Czech Republic"]
[Round "0"]
[White "Meduna Eduard (CZE)"]
[Black "Stoklasa Jan (CZE)"]
[Result "1-0"]
[WhiteElo "2455"]
[BlackElo "2188"]

1.d4 Nf6 2.c4 g6 3.Nc3 d5 4.Nf3 Bg7 5.Bg5 c6 6.e3 O-O 7.Bd3 Nbd7 8.cxd5 cxd5
9.Qb3 Nb6 10.O-O Be6 11.Rfc1 Ne4 12.Bf4 Nd6 13.Ng5 Nbc4 14.h4 Rc8 15.h5 gxh5
16.Bxh7+ Kh8 17.Bd3 Qd7 18.Qc2 Bf5 19.Bxf5 Qxf5 20.Qxf5 Nxf5 21.Nxd5 e5
22.dxe5 Rc5 23.Nf6 Bxf6 24.exf6 Rfc8 25.b3 Na3 26.Rxc5 Rxc5 27.Rd1 {#r} 1-0